Statistics for ABBA Gold - Tracklist

Click here to take the quiz!

General Stats

  • This quiz has been taken 81 times
  • The average score is 15 of 19

Answer Stats

Track No.Answer% Correct
4Mamma Mia
94%
1Dancing Queen
92%
19Waterloo
92%
12Fernando
90%
9Money, Money, Money
88%
10SOS
88%
14Gimme! Gimme! Gimme! (A Man After Midnight)
85%
11Chiquitita
81%
13Voulez-Vous
77%
6Super Trouper
73%
3Take a Chance on Me
73%
8The Winner Takes It All
73%
15Does Your Mother Know
71%
18Thank You for the Music
71%
2Knowing Me, Knowing You
67%
7I Have a Dream
63%
17The Name of the Game
63%
5Lay All Your Love on Me
62%
16One of Us
60%

Score Distribution

Percentile by Number Answered

Percent of People with Each Score

Your Score History

You have not taken this quiz